[Event "Silver Lake Open 2017"]
[Site "Veliko Gradiste SRB"]
[Date "2017.06.20"]
[Round "4.9"]
[White "Radovanovic,Nik"]
[Black "Popovic,AM"]
[Result "1/2-1/2"]
[WhiteElo "2407"]
[BlackElo "2262"]

1.d4 Nf6 2.c4 c5 3.d5 e6 4.Nc3 exd5 5.cxd5 d6 6.Nf3 g6 7.Nd2 Bg7 8.e4 O-O
9.Be2 Re8 10.O-O Nbd7 11.Re1 Ne5 12.h3 g5 13.Nf1 g4 14.hxg4 Nfxg4 15.Bf4 h5
16.Qd2 Qf6 17.Bb5 Rf8 18.Bg5 Qg6 19.f4 f6 20.Bh4 Bh6 21.Ng3 f5 22.Rf1 a6
23.Be2 b5 24.Bg5 b4 25.exf5 Bxf5 26.Nxf5 Bxg5 27.Ne4 Rxf5 28.Nxg5 Qf6 29.Nh3 Ng6  1/2-1/2

[Event "27th Seacoast Trophy 2017"]
[Site "Eforie Nord ROU"]
[Date "2017.06.27"]
[Round "9.1"]
[White "Istratescu,A"]
[Black "Ileana,George"]
[Result "1-0"]
[WhiteElo "2593"]
[BlackElo "2212"]

1.d4 Nf6 2.c4 e6 3.Nf3 c5 4.d5 d6 5.Nc3 exd5 6.cxd5 g6 7.Nd2 Bg7 8.Nc4 O-O
9.Bf4 Ne8 10.Qd2 Bxc3 11.Qxc3 b5 12.Nd2 f6 13.e4 a6 14.a4 b4 15.Qg3 Qe7 16.Bd3 a5
17.Bb5 Bd7 18.O-O Bxb5 19.axb5 Nd7 20.Nc4 Qxe4 21.Nxa5 Ne5 22.Nc6 Rxa1 23.Rxa1 Nc7
24.f3 Qd3 25.b6 Nxd5 26.Bxe5 fxe5 27.b7 Qb5 28.b8=Q Rxb8 29.Nxb8 Qxb8 30.Qg4 Nc7
31.Qd7 Qb6 32.f4 c4+ 33.Kh1 e4 34.f5 gxf5 35.Rf1 Qa5 36.h3 c3 37.bxc3 bxc3
38.Rxf5  1-0

[Event "21st Cap Aurora Open 2017"]
[Site "Cap Aurora ROU"]
[Date "2017.06.29"]
[Round "7.11"]
[White "Colac,Marius-Daniel"]
[Black "Stanciu,Al"]
[Result "0-1"]
[WhiteElo "1955"]
[BlackElo "2295"]

1.d4 Nf6 2.Nf3 c5 3.d5 d6 4.c4 e6 5.Nc3 exd5 6.cxd5 g6 7.Nd2 Na6 8.e4 Nc7
9.Bd3 Bg7 10.O-O O-O 11.Re1 Re8 12.h3 b6 13.a4 Rb8 14.f4 a6 15.Nf3 b5 16.axb5 axb5
17.Qc2 Nh5 18.g4 c4 19.Bf1 Nf6 20.Nd1 Na6 21.Nf2 Nc5 22.Bd2 Nb3 23.Rad1 Nxd2
24.Qxd2 Bb7 25.Nd4 Qb6 26.b3 Nxd5 27.exd5 Rxe1 28.Rxe1 Bxd4 29.bxc4 b4 30.Re4 Bg7
31.Bd3 Ba6 32.Qe2 Bd4 33.Kg2 b3 34.g5 Bxf2 35.Qxf2 Qxf2+ 36.Kxf2 b2 37.Bb1 Rb4
38.Ke3 Rxc4 39.Rxc4 Bxc4 40.Kd4 Bb3 41.Kc3 Bxd5 42.Kxb2 h5 43.h4 Kf8 44.Kc3 Ke7
45.Kd4 Ke6 46.Bd3 Bg2 47.Bc2 d5 48.f5+ gxf5 49.Bd1 f4 50.Bxh5 Be4 51.Bg4+ f5
52.gxf6 Kxf6 53.Bc8 Kg6 54.Bg4 Kf6 55.Bh5 Kf5 56.Bd1 Bg2 57.Kd3 Be4+ 58.Kd4 Bg2
59.Kd3 Ke5 60.h5 Be4+ 61.Ke2 d4 62.Kf2 Kf5 63.Ke1 Kg5 64.Kf2 Bd5 65.Ke2 Be4
66.Kf2 Kh4 67.Be2 d3 68.Bd1 Kg5 69.Ke1 Kh4 70.Kf2 Bd5 71.h6 Be4 72.Bf3 Bg6
73.Bd1 Kg5 74.Kf3 Bf5 75.Bb3 Bh7 76.Ba4 Kf5 77.Bb3 Ke5 78.Bd1 Bg6 79.Ba4 Bh5+
80.Kf2 Kf6  0-1

[Event "2nd Baskent University Open"]
[Site "Ankara TUR"]
[Date "2017.07.01"]
[Round "3.4"]
[White "Gleizerov,E"]
[Black "Gunduz,Umut Erdem"]
[Result "1-0"]
[WhiteElo "2507"]
[BlackElo "2107"]

1.d4 Nf6 2.c4 c5 3.d5 e6 4.Nc3 exd5 5.cxd5 d6 6.Nf3 g6 7.g3 Bg7 8.Bg2 O-O
9.O-O Re8 10.Re1 a6 11.a4 Nbd7 12.Bf4 Ng4 13.Qc1 Nde5 14.Bg5 f6 15.Nxe5 fxg5
16.Nxg4 Bxg4 17.h3 Bd7 18.Ne4 Bxh3 19.Nxd6 Qxd6 20.Bxh3 Qxd5 21.Bg2 Qf5 22.Bxb7 Rab8
23.Bxa6 Bxb2 24.Qc4+ Kh8 25.Rad1 Rb4 26.Qd5 Qxd5 27.Rxd5 Re5 28.Rd8+ Kg7
29.Bb5 c4 30.Rd7+ Kf6 31.Rc7 c3 32.Rd1 Re7 33.Rc6+ Kg7 34.Rd5 Ra7 35.a5 Rxa5
36.Rd7+ Kh6 37.Rcc7 g4 38.Rxh7+ Kg5 39.Rc5+ Kf6 40.Rc6+ Ke5 41.Rxg6 c2 42.Rh5+ Ke4
43.Rxg4+  1-0

[Event "45th TCh-GRE 2017"]
[Site "Achaea GRE"]
[Date "2017.07.03"]
[Round "1.1"]
[White "Gkikas,Vasilios"]
[Black "Kouskoutis,Georgios-Alexandros"]
[Result "0-1"]
[WhiteElo "1968"]
[BlackElo "2237"]

1.d4 Nf6 2.c4 e6 3.Nf3 c5 4.d5 d6 5.Nc3 exd5 6.cxd5 g6 7.Nd2 a6 8.a4 Nbd7
9.e4 Bg7 10.Be2 O-O 11.O-O Re8 12.Qc2 Rb8 13.a5 b5 14.axb6 Nxb6 15.Re1 h5
16.Nf1 Ng4 17.h3 Nxf2 18.Kxf2 Qh4+ 19.g3 Qxh3 20.Bf3 h4 21.Ne2 f5 22.Bf4 fxe4
23.Bxe4 hxg3+ 24.Bxg3 Bg4 25.Rad1 Rf8+ 26.Kg1 Rxf1+ 27.Rxf1 Bxe2 28.Qxe2 Qxg3+
29.Qg2 Bd4+ 30.Rxd4 Qxg2+ 31.Kxg2 cxd4 32.Bxg6 Nc4 33.Ra1 Rxb2+ 34.Kg1 a5
35.Bd3 Ne5 36.Ba6 d3 37.Kf1 Kf7 38.Rxa5 Rb1+ 39.Kf2 d2 40.Be2 d1=Q 41.Bxd1 Rxd1
42.Ke2 Rd4  0-1

[Event "ITT Belem 2017"]
[Site "Belem BRA"]
[Date "2017.07.04"]
[Round "7.1"]
[White "De Souza Monteiro,Marcos Paulo"]
[Black "Rodi,L"]
[Result "0-1"]
[WhiteElo "1952"]
[BlackElo "2304"]

1.d4 Nf6 2.c4 e6 3.Nf3 c5 4.d5 exd5 5.cxd5 d6 6.Nc3 g6 7.e4 Bg7 8.Be2 O-O
9.O-O Re8 10.Nd2 Nbd7 11.f3 a6 12.a4 Ne5 13.Nc4 Nxc4 14.Bxc4 Nh5 15.Be3 f5
16.Qd2 Qf6 17.exf5 Bxf5 18.g4 Rxe3 19.Qxe3 Qh4 20.Ne2 Bxg4 21.fxg4 Qxg4+
22.Kh1 Qxc4 23.Qe6+ Kh8 24.Rf7 Be5 25.Raf1 Qxe2 26.Qe7  0-1

[Event "40th Barbera Open 2017"]
[Site "Barbera del Valles ESP"]
[Date "2017.07.05"]
[Round "2.10"]
[White "Smirnov,Arte"]
[Black "Ayats Llobera,Gerard"]
[Result "1-0"]
[WhiteElo "2401"]
[BlackElo "2261"]

1.d4 Nf6 2.c4 c5 3.d5 e6 4.Nc3 exd5 5.cxd5 d6 6.Nf3 g6 7.g3 Bg7 8.Bg2 O-O
9.O-O Re8 10.Re1 a6 11.a4 Nbd7 12.Bf4 Qe7 13.h3 Nh5 14.Bg5 Bf6 15.Bxf6 Qxf6
16.Nd2 Qe7 17.e4 Rb8 18.Re3 b5 19.axb5 axb5 20.b4 Qf6 21.Rb1 c4 22.Nf3 Ne5
23.Nxe5 dxe5 24.Re2 Qd6 25.Qd2 Qb6 26.Qe3 Qxe3 27.Rxe3 Bd7 28.Ra1 Ra8 29.Ree1 Kf8
30.Reb1 Ke7 31.Kf1 Kd6 32.Ke2 f5 33.Bf3 Nf6 34.h4 Rf8 35.Ke3 fxe4 36.Nxe4+ Nxe4
37.Bxe4 Ra4 38.Rxa4 bxa4 39.f3 c3 40.b5 Kc5 41.b6 Rb8 42.b7 Bb5 43.d6 a3
44.Rb3 a2 45.Rxc3+ Kxd6 46.Ra3 Bc6 47.Rxa2 Bxe4 48.Kxe4 Rxb7 49.Ra6+ Ke7
50.Kxe5 Kf7 51.g4 Rb5+ 52.Kf4 h5 53.Ra7+ Kg8 54.Rd7 Ra5 55.Ke4 Rb5 56.f4 Rb1  1-0

[Event "Batumi Municipality Cup"]
[Site "Batumi GEO"]
[Date "2017.07.05"]
[Round "4.10"]
[White "Akhvlediani,Irakli"]
[Black "Kekelidze,M"]
[Result "1-0"]
[WhiteElo "2307"]
[BlackElo "2396"]

1.d4 Nf6 2.c4 e6 3.Nf3 c5 4.d5 d6 5.Nc3 exd5 6.cxd5 g6 7.Bf4 a6 8.a4 Bg7
9.h3 O-O 10.e3 Qe7 11.Nd2 Nbd7 12.Be2 Ne8 13.O-O Ne5 14.Qc2 f5 15.Bg3 Bd7
16.Rfe1 Nc7 17.a5 Nb5 18.Bf1 g5 19.f4 Ng6 20.Nc4 gxf4 21.Nxb5 fxg3 22.Nbxd6 Rab8
23.Bd3 Ne5 24.Nxe5 Qxe5 25.Qxc5 Qxb2 26.Rab1 Qd2 27.Qc2 Qxa5 28.Bxf5 Qxd5
29.Bxh7+ Kh8 30.Rbd1 Qc6 31.Qg6 Rf6 32.Nf7+ Rxf7 33.Qxf7 Rd8 34.Bf5 Qb6 35.Rxd7  1-0

[Event "32nd Gniota Memorial Open"]
[Site "Police POL"]
[Date "2017.07.06"]
[Round "2.7"]
[White "Schmidt,Wl"]
[Black "Pajeken,W"]
[Result "1/2-1/2"]
[WhiteElo "2273"]
[BlackElo "2274"]

1.d4 Nf6 2.c4 c5 3.d5 e6 4.Nc3 exd5 5.cxd5 d6 6.Nf3 g6 7.Bf4 a6 8.a4 Bg7
9.h3 O-O 10.e3 Qe7 11.Be2 Nbd7 12.O-O Rb8 13.a5 Ne8 14.Nd2 Ne5 15.Na4  1/2-1/2

[Event "Karel Prucha Mem 2017"]
[Site "Prague CZE"]
[Date "2017.07.06"]
[Round "6.3"]
[White "Kiss,Pa1"]
[Black "Riha,Vojtech"]
[Result "1-0"]
[WhiteElo "2278"]
[BlackElo "2032"]

1.d4 Nf6 2.c4 e6 3.Nf3 c5 4.d5 exd5 5.cxd5 d6 6.Nc3 a6 7.a4 g6 8.Bg5 Bg7
9.Nd2 O-O 10.e3 Nbd7 11.Be2 Qc7 12.O-O Re8 13.Bf4 Ne5 14.Bxe5 Rxe5 15.Nc4 Re7
16.a5 Bf5 17.Bd3 Bxd3 18.Qxd3 Rae8 19.Qc2 Nd7 20.Na4 f5 21.g3 h5 22.Rab1 h4
23.Rfc1 Re4 24.Kg2 Bf6 25.b3 Bg7 26.Nc3 R4e7 27.Ne2 Bh6 28.b4 Re4 29.bxc5 Qxc5
30.Nb6 Qxc2 31.Rxc2 Nf6 32.Nd4 hxg3 33.hxg3 R4e5 34.Nc4 Rxd5 35.Rxb7 Bf8
36.Ra7 Rc5 37.Rxa6 Rec8 38.Nxd6 Bxd6 39.Rxc5 Bxc5 40.Rxf6 Bxd4 41.exd4 Kg7
42.Rd6 Kf7 43.f4 Rc2+ 44.Kh3 Ra2 45.a6 Ra5 46.Kh4 Ra3 47.d5 Rd3 48.Rb6 Rxd5
49.Kg5 Rd3 50.Rf6+ Ke7 51.Rxg6 Rxg3+ 52.Kxf5 Ra3 53.Rb6 Ra5+ 54.Kg6 Ra1 55.Rb7+ Ke6
56.f5+ Ke5 57.Re7+ Kf4 58.a7 Rg1+ 59.Kf7  1-0

[Event "32nd Gniota Memorial Open"]
[Site "Police POL"]
[Date "2017.07.07"]
[Round "3.9"]
[White "Tokarczyk,T"]
[Black "Krzywnicka,Maria"]
[Result "1-0"]
[WhiteElo "2220"]
[BlackElo "1856"]

1.d4 Nf6 2.c4 c5 3.d5 e6 4.Nc3 exd5 5.cxd5 d6 6.Nf3 g6 7.g3 Bg7 8.Bg2 O-O
9.O-O Re8 10.Nd2 a6 11.a4 Nbd7 12.h3 Rb8 13.Nc4 Ne5 14.Na3 Nh5 15.e4 f5 16.exf5 Bxf5
17.g4 Bxg4 18.hxg4 Qh4 19.gxh5 Rf8 20.f4 Ng4 21.Rf3 Bd4+ 22.Kf1 Rbe8 23.Bh3 Nh2+
24.Kg2 Nxf3 25.Qxf3 Re1 26.Nc2 Rg1+ 27.Kh2 g5 28.Nxd4 g4 29.Qe3 cxd4 30.Qe6+ Kh8
31.Kxg1 gxh3 32.Ne4 Qe1+ 33.Kh2 Qf1 34.Qxh3 Qe2+ 35.Qg2 Qxh5+ 36.Kg3 h6 37.Qh3 Qg6+
38.Kf3 Rf5 39.Bd2 Rh5 40.Qc8+ Kg7 41.Qd7+ Kg8 42.Qd8+ Kf7 43.Nxd6+ Kg7 44.Qe7+  1-0

[Event "37th Benasque Open 2017"]
[Site "Benasque ESP"]
[Date "2017.07.08"]
[Round "3.3"]
[White "Cori,J"]
[Black "Lillo Castay,V"]
[Result "1-0"]
[WhiteElo "2636"]
[BlackElo "2350"]

1.c4 e6 2.d4 Nf6 3.Nf3 c5 4.d5 exd5 5.cxd5 d6 6.Nc3 g6 7.Bf4 Bg7 8.Qa4+ Bd7
9.Qb3 b5 10.Bxd6 Qb6 11.Be5 O-O 12.e3 c4 13.Qd1 b4 14.Nb1 Rc8 15.Be2 Bb5
16.a3 c3 17.bxc3 Bxe2 18.Qxe2 Nxd5 19.Bxg7 Kxg7 20.axb4 Nxc3 21.Qb2 Qf6 22.Nxc3 Qxc3+
23.Qxc3+ Rxc3 24.Kd2 Rc4 25.b5 Nd7 26.Rhc1 Rxc1 27.Rxc1 a6 28.Rc7 Rd8 29.Nd4 Nb8
30.Kc2 Rd6 31.Rb7 Nd7 32.bxa6 Rxa6 33.Rxd7 Ra2+ 34.Kd3 Rxf2 35.h4 Rxg2 36.Ne6+  1-0

[Event "37th Benasque Open 2017"]
[Site "Benasque ESP"]
[Date "2017.07.09"]
[Round "4.6"]
[White "Gozzoli,Y"]
[Black "Antoli Royo,J"]
[Result "1-0"]
[WhiteElo "2594"]
[BlackElo "2437"]

1.d4 Nf6 2.Nf3 c5 3.d5 e6 4.c4 exd5 5.cxd5 d6 6.Nc3 g6 7.Bf4 a6 8.e4 Bg7
9.a4 O-O 10.Nd2 Re8 11.Be2 Nbd7 12.Bxd6 Qb6 13.Nc4 Qd8 14.e5 Nb6 15.Ne3 Nfd7
16.a5 Nxe5 17.Bxe5 Bxe5 18.axb6 Qh4 19.g3 Qb4 20.Qc2  1-0

[Event "VMCG Open A 2017"]
[Site "Lueneburg GER"]
[Date "2017.07.09"]
[Round "2.16"]
[White "Malkiel,D"]
[Black "Bergstraesser,A"]
[Result "1-0"]
[WhiteElo "2156"]
[BlackElo "1960"]

1.d4 c5 2.d5 e6 3.c4 exd5 4.cxd5 d6 5.Nc3 Nf6 6.Nf3 g6 7.Bf4 a6 8.a4 Bg7
9.h3 O-O 10.e3 Re8 11.Nd2 Nh5 12.Bh2 Qc7 13.Be2 Nf6 14.Nc4 Bf8 15.a5 Nbd7
16.Na4 Kg7 17.O-O Rb8 18.Rc1 Ne5 19.Ncb6 Qd8 20.b4 cxb4 21.Qb3 Bf5 22.g4 Bc8
23.Qxb4 Qe7 24.Rc3 h5 25.g5 Nxd5 26.Nxd5 Qxg5+ 27.Bg3 Bxh3 28.Rd1 Nc6 29.Qh4 Qxh4
30.Bxh4 Nxa5 31.Nab6 Re4 32.Bf6+ Kh6 33.Rc7 Be6 34.f3 Bxd5 35.fxe4 Be6 36.Bc3 Nc6
37.Bxa6 Nd8 38.Bb5 g5 39.Bb4 g4 40.e5  1-0

[Event "Batumi Municipality Cup"]
[Site "Batumi GEO"]
[Date "2017.07.10"]
[Round "9.8"]
[White "Muradli,Mahammad"]
[Black "Tutisani,Noe"]
[Result "1/2-1/2"]
[WhiteElo "2334"]
[BlackElo "2383"]

1.d4 Nf6 2.c4 c5 3.d5 e6 4.Nc3 exd5 5.cxd5 d6 6.Nf3 g6 7.Bf4 a6 8.a4 Bg7
9.h3 O-O 10.e3 Ne8 11.Be2 Nd7 12.O-O Ne5 13.Nd2 f5 14.Bh2 Bd7 15.f4 Nf7 16.e4 fxe4
17.Ndxe4 Nc7 18.Bg4 Nh6 19.Bf3 Nf5 20.Re1 Bc8 21.Ng5 Bd4+ 22.Kh1 Bf2 23.Re2 Bg3
24.Ne6 Bxe6 25.dxe6 Bxh2 26.Kxh2 Qh4 27.Bg4 Rae8 28.Bxf5 Qxf4+ 29.Kh1 Rxf5
30.Re4 Qg5 31.Qxd6 Rf2 32.Rg1 Qe7 33.Qb6 Nxe6 34.Rge1 Qg5 35.Rg4 Qe7 36.Kg1 Rd2
37.Rge4 Qf7 38.R4e2 Rxe2 39.Rxe2 Qd7 40.Qb3 Kg7 41.Qb6 Re7 42.Kh2 Nd4 43.Re4 Qc7+
44.Qxc7 Rxc7 45.Nd5 Rf7 46.b4 Nb3 47.b5 axb5 48.axb5 Nd4 49.b6 Rd7 50.Ne3 Kf7
51.Nc4 Nc6 52.Ne5+ Nxe5 53.Rxe5 Rd6 54.Rxc5 Rxb6 55.Rc7+ Kg8 56.Kg3 h6 57.Kh4 Rb3
58.Kg4 Rb5 59.Kh4 Rb4+ 60.Kg3 Rb5 61.Kg4 Rg5+ 62.Kh4 Rb5 63.Kg4 Rb2 64.Kh4 Rb4+
65.Kg3 g5 66.Rd7 b5 67.Rb7 h5 68.Rd7 Rb3+ 69.Kh2 g4 70.h4 Rc3 71.Rd5 b4 72.Rxh5 Rc4
73.Rb5 Kg7 74.Rb6 Kh7 75.Kg3 Rd4 76.h5 Rc4 77.Kh4 Rd4 78.Rb7+ Kh6 79.Rb6+ Kh7
80.g3 Rc4 81.Kg5 Rd4 82.Rb7+ Kg8 83.Kg6 Rd6+ 84.Kf5 Rd4 85.Ke5 Rc4  1/2-1/2

[Event "Maccabiah GMB 2017"]
[Site "Jerusalem ISR"]
[Date "2017.07.10"]
[Round "5.1"]
[White "Ushenina,A"]
[Black "Mikhalevski,V"]
[Result "1-0"]
[WhiteElo "2458"]
[BlackElo "2540"]

1.d4 Nf6 2.c4 e6 3.Nc3 c5 4.d5 exd5 5.cxd5 d6 6.Nf3 g6 7.g3 Bg7 8.Bg2 O-O
9.O-O Re8 10.Bf4 a6 11.a4 Bg4 12.Nd2 Nh5 13.Be3 Nd7 14.h3 Nxg3 15.hxg4 Nxf1
16.Qxf1 Qh4 17.Bf3 f5 18.Qg2 Ne5 19.gxf5 gxf5 20.Bg5 Qb4 21.Ra3 c4 22.Nd1 Kh8
23.Bh5 Rf8 24.Rh3 Bf6 25.Kh1 Ng4 26.Nf3 Qxa4 27.Ne3 Qa1+ 28.Nf1 Bxg5 29.Nxg5 Nf6
30.Nf7+ Rxf7 31.Bxf7 Rf8 32.Be6 Qxb2 33.Bxf5 Qxe2 34.Ng3 Qe1+ 35.Qg1 Qe5
36.Qb1 Rf7 37.Be6 Rf8 38.Qxb7 c3 39.Qb1 Qd4 40.Kg2 Qd2 41.Rh1 a5 42.Qg6 Qd4
43.Qh6 Rb8 44.Rh4 Qe5 45.Nf5 Rg8+ 46.Bxg8 Qxf5 47.Be6  1-0

[Event "TCh-TUR Clubs 2017"]
[Site "Konya TUR"]
[Date "2017.07.10"]
[Round "2.8"]
[White "Ergin,Merih"]
[Black "Ersoz,B"]
[Result "0-1"]
[WhiteElo "1487"]
[BlackElo "1860"]

1.d4 Nf6 2.Nf3 e6 3.c4 c5 4.d5 exd5 5.cxd5 d6 6.Nc3 Be7 7.e4 O-O 8.Be2 h6
9.h3 Re8 10.O-O a6 11.a4 Nbd7 12.Bf4 Nf8 13.Qc2 Ng6 14.Bh2 Bf8 15.Bd3 Nh5
16.e5 Nxe5 17.Nxe5 dxe5 18.Bh7+ Kh8 19.Bf5 Qg5 20.Bxc8 Raxc8 21.Rfe1 Nf4
22.Bg3 f5 23.Re3 Ng6 24.h4 Qg4 25.Qe2 Qxe2 26.Rxe2 h5 27.f3 c4 28.Rae1 Bc5+
29.Kf1 Bd4 30.Bf2 Red8 31.Rd2 Bxc3 32.bxc3 Rd6 33.g3 Rcd8 34.Red1 Ne7 35.Rb1 Rxd5
36.Rxd5 Nxd5 37.Rxb7 Nxc3 38.Rc7 Rd1+ 39.Kg2 Rd2 40.Kf1 Nd1 41.Bc5 c3 42.Bb4 Ne3+
43.Ke1 Nc2+ 44.Kf1 Nxb4 45.Rxc3  0-1

[Event "TCh-TUR Clubs 2017"]
[Site "Konya TUR"]
[Date "2017.07.10"]
[Round "2.11"]
[White "Bahadir,Melih"]
[Black "Taskaya,Fesih"]
[Result "0-1"]
[WhiteElo "1604"]
[BlackElo "1649"]

1.d4 Nf6 2.c4 e6 3.Nf3 c5 4.d5 exd5 5.cxd5 d6 6.Nc3 g6 7.g3 Bg7 8.Bg2 O-O
9.O-O a6 10.a4 Re8 11.Re1 Nbd7 12.e4 Ng4 13.Nd2 Nde5 14.h3 Nf6 15.Qc2 c4
16.Re3 Qc7 17.Kh1 Bd7 18.f4 Nd3 19.Nxc4 Nxc1 20.Nxd6 Qxd6 21.Qxc1 Qb6 22.Qd2 Nh5
23.e5 Rad8 24.a5 Qa7 25.d6 Bf8 26.Nd5 Bc6 27.Nc7 Bxg2+ 28.Kxg2 Bxd6 29.exd6 Rxe3
30.d7 Rxg3+ 31.Kh2 Rf3 32.Qg2 Rd3 33.Nd5 Qb8 34.Re1 Rxd5 35.Qxd5 Qxf4+ 36.Kg2 Qg3+
37.Kf1 Qxh3+ 38.Kg1 Nf4  0-1

[Event "VMCG GM 2017"]
[Site "Lueneburg GER"]
[Date "2017.07.13"]
[Round "6.1"]
[White "Simantsev,M"]
[Black "Lubbe,N"]
[Result "0-1"]
[WhiteElo "2477"]
[BlackElo "2509"]

1.d4 Nf6 2.c4 e6 3.Nf3 c5 4.d5 exd5 5.cxd5 d6 6.Nc3 g6 7.Bf4 a6 8.a4 Bg7
9.h3 O-O 10.e3 Qe7 11.Be2 Nbd7 12.O-O Ne8 13.Nd2 Ne5 14.Qb3 f5 15.Bh2 g5
16.Rfe1 Kh8 17.f4 Ng6 18.Bh5 g4 19.hxg4 fxg4 20.Nde4 Nh4 21.Bxe8 Rxe8 22.Qb6 Nf5
23.g3 h5 24.Re2 h4 25.Kf2 Kg8 26.Rae1 Rb8 27.Ng5 h3 28.e4 Nd4 29.e5 Nxe2
30.Rxe2 Bf5 31.Nce4 Bxe4 32.Rxe4 Bxe5 33.Qb3 Qf6 34.Kf1 b5 35.Bg1 Bxf4 36.Rxf4 Qxg5
37.Be3 Rf8  0-1

[Event "28th Czech Open E 2017"]
[Site "Pardubice CZE"]
[Date "2017.07.14"]
[Round "3.3"]
[White "Sodoma,J"]
[Black "Novy,Filip"]
[Result "1/2-1/2"]
[WhiteElo "2351"]
[BlackElo "2148"]

1.d4 Nf6 2.c4 e6 3.Nc3 c5 4.d5 exd5 5.cxd5 d6 6.Nf3 g6 7.Nd2 Bg7 8.e4 O-O
9.Be2 Re8 10.O-O Na6 11.Qc2 Nc7 12.a4 b6 13.Re1 Rb8 14.Nc4 Ba6 15.Bf4 Bxc4
16.Bxc4 Nh5 17.Be3 a6 18.Be2 Nf6 19.Rab1 b5 20.axb5 Nxb5 21.Bxb5 axb5 22.b4 cxb4
23.Rxb4 Rc8 24.Bd2 Nxd5 25.exd5 Rxe1+ 26.Bxe1 Qc7 27.Rxb5 Bxc3 28.Bxc3 Qxc3
29.Qxc3 Rxc3 30.Kf1 Kf8  1/2-1/2

[Event "12th Poti Open 2017"]
[Site "Poti GEO"]
[Date "2017.07.14"]
[Round "1.2"]
[White "Bayramov,Zaur"]
[Black "Mchedlishvili,M"]
[Result "1/2-1/2"]
[WhiteElo "2249"]
[BlackElo "2602"]

1.d4 Nf6 2.c4 e6 3.Nf3 c5 4.d5 d6 5.Nc3 exd5 6.cxd5 g6 7.g3 Bg7 8.Bg2 O-O
9.O-O Nbd7 10.a4 a6 11.e4 Ng4 12.Nd2 Nde5 13.Qe2 f5 14.h3 Nf6 15.f4 Nf7 16.exf5 Re8
17.Qf3 gxf5 18.a5 Bd7 19.Nc4 Bb5 20.Nxb5 axb5 21.Ne3 Nh6 22.g4 fxg4 23.hxg4 Rxe3
24.Bxe3 Nfxg4 25.Bf2 Nxf2 26.Rxf2 Bd4 27.Rd1 Qf6 28.Rxd4 Qxd4 29.Qe2 Kf8
30.Qe6 Nf7 31.Qd7 Re8 32.Bf1 Qxd5 33.Qxb5 Re7 34.Qc4 Qf5 35.Qc3 Qe6 36.Re2 Qf5
37.Rg2 Re4 38.Bd3 Qxf4 39.Bxe4 Qxe4 40.Rf2 Qg4+ 41.Kf1 Qd1+ 42.Kg2 Qg4+ 43.Kf1 Qd1+
44.Kg2 Qg4+ 45.Kf1  1/2-1/2

[Event "6th Ideon Andron Op 2017"]
[Site "Anogia GRE"]
[Date "2017.07.15"]
[Round "7.14"]
[White "Aggeletos,Marios"]
[Black "Petraki,Argiro"]
[Result "1/2-1/2"]
[WhiteElo "1824"]
[BlackElo "1633"]

1.d4 Nf6 2.c4 e6 3.Nf3 c5 4.d5 exd5 5.cxd5 d6 6.Nc3 g6 7.g3 Bg7 8.Bg2 O-O
9.O-O Na6 10.Nd2 Nc7 11.a4 a6 12.a5 Rb8 13.Nc4 Nb5 14.Nxb5 axb5 15.Nxd6 b4
16.Nc4 Bf5 17.Bf4 Ra8 18.Bg5 h6 19.Bxf6 Bxf6 20.e4 Bd7 21.e5 Bb5 22.Re1 Bxc4
23.exf6 Qxf6 24.Qc2 Ba6 25.Qxc5 Rac8 26.Qxb4 Rc2 27.Qb6 Qxb6 28.axb6 Rxb2
29.Rad1 Rxb6 30.d6 Rd8 31.d7 Kf8 32.Re3 Re6 33.Rc3 Ke7 34.Rc7 b5 35.Bf1 Rb6
36.Ra1 Kd6 37.Ra7 Bb7 38.Rb1 Bc6 39.Bg2 Bxd7 40.Rd1+ Ke7 41.Bd5 Rd6 42.Re1+ Kf8
43.Bb3 Rf6 44.Rd1 Ke8 45.Re1+ Be6 46.Rb7 Rd3 47.Bxe6 fxe6 48.Rxb5 Rdf3 49.Rbe5 Ke7
50.R1e2 Kd6 51.Ra5 Kd7 52.Kg2 Kd6 53.Ra6+ Kd5 54.Ra5+ Kd6 55.Rae5 Rxf2+ 56.Kg1 Rxe2
57.Rxe2 Kd5 58.Ra2 e5 59.Kg2 e4 60.Ra5+ Ke6 61.Ra4 Kf5 62.Ra5+ Ke6 63.Ra4 Kd5
64.Ra5+ Kd4 65.Ra4+ Kd3 66.Ra3+ Kc2 67.Ra2+ Kc3 68.Ra3+ Kb2 69.Re3 Re6 70.g4 g5
71.Kf2 Rf6+ 72.Ke2 Rf4 73.h3 Kc2 74.Ke1 Rf3 75.Rxe4 Kd3 76.Ra4 Ke3 77.Ra6 Kf4
78.Rxh6 Kg3 79.Rh5 Kg2 80.Rxg5 Kxh3  1/2-1/2

[Event "11th Leiden Open A 2017"]
[Site "Leiden NED"]
[Date "2017.07.15"]
[Round "2.1"]
[White "Ikonnikov,Vy"]
[Black "Fossum,Oy"]
[Result "1-0"]
[WhiteElo "2538"]
[BlackElo "2247"]

1.d4 e6 2.c4 Nf6 3.Nf3 c5 4.d5 d6 5.Nc3 exd5 6.cxd5 g6 7.e4 Bg7 8.Be2 O-O
9.Nd2 Re8 10.O-O Nbd7 11.Qc2 Ne5 12.a4 g5 13.Re1 Nfg4 14.Nf1 Qf6 15.f3 Nh6
16.Be3 Ng6 17.Qd2 Nf4 18.Bb5 Re5 19.h4 Nxg2 20.hxg5 Nxe1 21.Rxe1 Qxf3 22.Be2 Qh3
23.gxh6 Bf6 24.Nh2 Bh4 25.Bf4 Bd7 26.Kh1 Kh8 27.Rg1 Rg8 28.Rxg8+ Kxg8 29.Bf1 Be1
30.Qxe1  1-0

[Event "VMCG Open A 2017"]
[Site "Lueneburg GER"]
[Date "2017.07.15"]
[Round "8.9"]
[White "Boehm,Ju1"]
[Black "Leiber,B"]
[Result "1-0"]
[WhiteElo "2193"]
[BlackElo "2085"]

1.d4 Nf6 2.c4 e6 3.Nf3 c5 4.d5 exd5 5.cxd5 d6 6.Nc3 g6 7.Bf4 Bg7 8.Qa4+ Bd7
9.Qb3 Qc7 10.e4 O-O 11.Nd2 Nh5 12.Be3 f5 13.exf5 gxf5 14.Be2 Be8 15.O-O f4
16.Bxc5 Nd7 17.Ba3 a6 18.Nce4 Be5 19.Rac1 Qb8 20.Nc4 f3 21.Bxf3 Bf4 22.Bxd6 Bxd6
23.Ncxd6 Bg6 24.Bxh5  1-0

[Event "VMCG Open A 2017"]
[Site "Lueneburg GER"]
[Date "2017.07.15"]
[Round "8.4"]
[White "Grabarczyk,M"]
[Black "Bach,Mat"]
[Result "1/2-1/2"]
[WhiteElo "2447"]
[BlackElo "2200"]

1.d4 Nf6 2.c4 c5 3.d5 e6 4.Nc3 exd5 5.cxd5 d6 6.Nf3 g6 7.h3 Bg7 8.e4 O-O
9.Bd3 b5 10.Nxb5 Re8 11.O-O Nxe4 12.Bxe4 Rxe4 13.Nc3 Re8 14.Bg5 Qb6 15.Qd2 Nd7
16.Bh6 Nf6 17.Bxg7 Kxg7 18.Rfe1 Bb7 19.b3 Qa5  1/2-1/2

[Event "6th Ideon Andron Op 2017"]
[Site "Anogia GRE"]
[Date "2017.07.16"]
[Round "8.1"]
[White "Morozov,N"]
[Black "Navrotescu,C"]
[Result "0-1"]
[WhiteElo "2437"]
[BlackElo "2380"]

1.d4 Nf6 2.Nf3 e6 3.c4 c5 4.d5 d6 5.Nc3 exd5 6.cxd5 g6 7.Bf4 a6 8.a4 Bg7
9.e3 O-O 10.Be2 Bg4 11.Qb3 Bxf3 12.Bxf3 Qc7 13.O-O Nbd7 14.Rac1 Rfe8 15.Qa3 Ne5
16.Bxe5 Rxe5 17.b4 b6 18.a5 cxb4 19.Qxb4 bxa5 20.Qa3 Qd8 21.Na4 Ne4 22.Rfd1 Rb8
23.Rc6 h5 24.Rc4 Ng5 25.Be2 Re4 26.Rdc1 Rxc4 27.Rxc4 Rb1+ 28.Rc1 Bb2 29.Qxb2 Rxb2
30.Nxb2 Ne4 31.Nd3 a4 32.f3 Nc5 33.Nxc5 dxc5 34.Rd1 Qd6 35.Bc4 Kf8 36.Rd2 Qe5
37.Re2 Ke7 38.g3 Kd6 39.Kf2 a3 40.Rc2 f5 41.Ke2 Qa1 42.f4 Qh1 43.Kd3 Qe1
44.Ra2 Qf1+ 45.Kc3 Qc1+ 46.Kd3 Kc7 47.Rd2 Kd6 48.Ra2 a5 49.Rc2 Qh1 50.Re2 Qe4+
51.Kc3 a2 52.Rxa2 Qxe3+ 53.Kc2 Qe1 54.Rb2 Qe4+ 55.Bd3 Qa4+  0-1

[Event "28th Czech Open E 2017"]
[Site "Pardubice CZE"]
[Date "2017.07.16"]
[Round "6.3"]
[White "Studnicka,Toma"]
[Black "Sott,P"]
[Result "1-0"]
[WhiteElo "2315"]
[BlackElo "2184"]

1.d4 Nf6 2.c4 c5 3.d5 e6 4.Nc3 exd5 5.cxd5 d6 6.Nf3 g6 7.Bf4 Bg7 8.Qa4+ Bd7
9.Qb3 Qc7 10.e4 O-O 11.Nd2 Re8 12.Be2 Na6 13.O-O Rac8 14.Rfe1 Nb4 15.a3 Na6
16.Nc4 Nxe4 17.Nxe4 Rxe4 18.Bxd6 Qd8 19.Qxb7 Nc7 20.Bd3 Rxe1+ 21.Rxe1 Nb5
22.Be5 Bxe5 23.Nxe5 Rc7 24.Qa6 Nd4 25.Bc4 Qg5 26.h4 Qd2 27.Rf1 Qxb2 28.Nxd7 Rxd7
29.Qc8+  1-0

[Event "92nd ch-Paris IdF 2017"]
[Site "Paris FRA"]
[Date "2017.07.16"]
[Round "3.19"]
[White "Gatineau,Yovann"]
[Black "Justo,D"]
[Result "1-0"]
[WhiteElo "2215"]
[BlackElo "2300"]

1.d4 e6 2.c4 Nf6 3.Nf3 c5 4.d5 d6 5.Nc3 exd5 6.cxd5 g6 7.Bf4 Bg7 8.Qa4+ Bd7
9.Qb3 Qc7 10.e4 Nh5 11.Be3 O-O 12.Nd2 f5 13.exf5 gxf5 14.Be2 f4 15.Bxc5 f3
16.Bxf3 Rxf3 17.gxf3 Qxc5 18.Qxb7 Nf4 19.Qxa8 Nd3+ 20.Ke2 Nf4+ 21.Kd1 Qb6
22.Rg1 Kf7 23.Rxg7+ Kxg7 24.Kc2 Bf5+ 25.Nce4 Qc5+ 26.Kd1 Bxe4 27.Qb7+ Kh6
28.fxe4 Qxf2 29.Qxb8 Qg1+ 30.Kc2 Qc5+ 31.Kb3 Qe3+ 32.Ka4 Qxd2 33.Qxd6+ Kh5
34.Qe5+ Kh6 35.Qc3 Qe2 36.Re1  1-0

[Event "188th MGU Open 2017"]
[Site "Sofia BUL"]
[Date "2017.07.16"]
[Round "4.5"]
[White "Stoyanov,Plamen"]
[Black "Kostov,N"]
[Result "1/2-1/2"]
[WhiteElo "1427"]
[BlackElo "1680"]

1.d4 e6 2.Nf3 Nf6 3.c4 c5 4.d5 exd5 5.cxd5 d6 6.Nc3 a6 7.a4 Be7 8.Nd2 b6
9.e4 Bb7 10.Be2 Nbd7 11.Nc4 h6 12.Bf4 Qb8 13.h3 O-O 14.O-O Rd8 15.Qd3 Bc8  1/2-1/2

[Event "Najdorf Mem Open A 2017"]
[Site "Warsaw POL"]
[Date "2017.07.16"]
[Round "8.12"]
[White "Dziuba,M"]
[Black "Thybo,Jesper Sondergaard"]
[Result "1-0"]
[WhiteElo "2561"]
[BlackElo "2465"]

1.d4 Nf6 2.c4 e6 3.Nf3 c5 4.d5 exd5 5.cxd5 d6 6.Nc3 g6 7.Bf4 a6 8.a4 Bg7
9.h3 O-O 10.e3 Re8 11.Nd2 Nfd7 12.Be2 Ne5 13.O-O Nbd7 14.Bh2 f5 15.a5 b5
16.axb6 Nxb6 17.Ra3 Bb7 18.Qb3 Qc7 19.Qa2 Nf7 20.Bxa6 Bxc3 21.bxc3 Bxd5 22.c4 Be6
23.Bb5 Rxa3 24.Qxa3 Ra8 25.Qc3 Ne5 26.e4 fxe4 27.Nxe4 Nexc4 28.Bxc4 Nxc4
29.Nf6+ Kf7 30.Nxh7 Qd8 31.Rb1 Ra7 32.Bf4 Bd5 33.Bg5 Qe8 34.Qf6+ Kg8 35.Rb8 Qxb8
36.Qxg6+ Rg7 37.Nf6+ Kf8 38.Bh6 Bf7 39.Qxg7+ Ke7 40.Nd5+ Ke6 41.Nf4+ Ke7
42.Bg5+  1-0